Statistics for Ancient Rome Quiz

Click here to take the quiz!

General Stats

  • This quiz has been taken 107 times
  • The average score is 6 of 8

Answer Stats

QuestionAnswer% Correct
What was the capital of Ancient Rome?Rome
91%
The 3 Punic Wars were between whom?Rome and Carthage
90%
Which people(s) conquered the Latin West Empire AND East Empire?Turks, Huns, and Germanic Tribes
82%
What type of government was Ancient Rome under before the reign of Julius Caesar?Republic
77%
Which emperor tried to make his horse part of the consul?Caligula
74%
Who was Octavian's rival?Mark Antony
70%
Which dictator led Ancient Rome into the Pax Romana?Octavian
45%
Who motivated Rome to attack Carthage, beginning the 3rd Punic War?Cato the Elder
35%

Score Distribution

Percentile by Number Answered

Percent of People with Each Score

Your Score History

You have not taken this quiz